[Event "RUS-ch IPCA"]
[Site "Volgograd"]
[Date "2017.05.08"]
[Round "9"]
[White "Palin, Denis"]
[Black "Khudov, Mikhail"]
[Result "0-1"]
[WhiteElo "2154"]
[BlackElo "2113"]
[PlyCount "112"]
[EventDate "2017.04.30"]
[EventType "swiss"]
[EventRounds "9"]
[EventCountry "RUS"]
[SourceTitle "CBM 178 Extra"]
[Source "ChessBase"]
[SourceDate "2017.06.22"]
[SourceVersion "1"]
[SourceVersionDate "2017.06.22"]
[SourceQuality "1"]

1. d4 Nf6 2. Nf3 g6 3. g3 Bg7 4. Bg2 0-0 5. 0-0 d6 6. a4 c6 7. a5 Qc7 8. Nbd2 Nbd7 9. Re1 e5 10. dxe5 Nxe5 11. Nxe5 dxe5 12. e4 Be6 13. b3 b5 14. axb6 axb6 15. Bb2 Nd7 16. Qe2 Rfd8 17. Qf1 f6 18. Rxa8 Rxa8 19. Ra1 Ra7 20. Bh3 Bxh3 21. Rxa7 Qxa7 22. Qxh3 Nf8 23. Qf1 b5 24. Nf3 Ne6 25. h4 Bf8 26. Nd2 Bc5 27. Kg2 Bd4 28. c3 Bb6 29. b4 Qd7 30. Nb3 f5 31. exf5 Qd5+ 32. Kg1 Qxb3 33. fxe6 Qxb2 34. e7 Kf7 35. Qe1 Qxf2+ 36. Qxf2+ Bxf2+ 37. Kxf2 Kxe7 38. Ke3 Ke6 39. Ke4 h5 40. Ke3 Kd5 41. Kd3 c5 42. bxc5 Kxc5 43. Ke4 Kd6 44. Ke3 Kd5 45. Kd3 e4+ 46. Ke3 Kc4 47. Kxe4 Kxc3 48. Ke5 b4 49. Kf6 b3 50. Kxg6 b2 51. Kxh5 b1Q 52. g4 Kd4 53. Kh6 Ke5 54. g5 Kf5 55. g6 Kf6 56. h5 Qb7 0-1

[Event "RUS-ch IPCA"]
[Site "Volgograd"]
[Date "2017.05.02"]
[Round "3"]
[White "Khudov, Mikhail"]
[Black "Tsapalin, Sergey"]
[Result "1/2-1/2"]
[WhiteElo "2113"]
[BlackElo "1972"]
[PlyCount "79"]
[EventDate "2017.04.30"]
[EventType "swiss"]
[EventRounds "9"]
[EventCountry "RUS"]
[SourceTitle "CBM 178 Extra"]
[Source "ChessBase"]
[SourceDate "2017.06.22"]
[SourceVersion "1"]
[SourceVersionDate "2017.06.22"]
[SourceQuality "1"]

1. e4 c5 2. Nf3 Nc6 3. c4 e5 4. d3 d6 5. Nc3 g6 6. Be2 Bg7 7. Nd5 Bg4 8. h3 Be6 9. Bg5 f6 10. Bd2 Nge7 11. Qc1 0-0 12. g4 Bxd5 13. exd5 Nd4 14. Nxd4 cxd4 15. h4 f5 16. Bg5 Bf6 17. Qd2 f4 18. Bxf6 Rxf6 19. Bf3 Rc8 20. h5 g5 21. 0-0 Qd7 22. Qe2 Kg7 23. b4 b6 24. Rfc1 Rcf8 25. c5 Nxd5 26. Qe4 Nc3 27. Rxc3 dxc3 28. c6 Qe6 29. Kg2 Rc8 30. b5 d5 31. Qxd5 Qxd5 32. Bxd5 Rd6 33. Be4 Rc7 34. Rc1 Rd4 35. Rxc3 Rb4 36. Rb3 Rxb3 37. axb3 Kf6 38. b4 Ke6 39. f3 Kd6 40. Kf2 1/2-1/2

[Event "RUS IPCA-ch"]
[Site "Nalchik"]
[Date "2016.05.07"]
[Round "8"]
[White "Chestnov, Vitaliy A"]
[Black "Khudov, Mikhail"]
[Result "1-0"]
[WhiteElo "2208"]
[BlackElo "2137"]
[PlyCount "87"]
[EventDate "2016.04.30"]
[EventType "swiss"]
[EventRounds "9"]
[EventCountry "RUS"]
[SourceTitle "CBM 172 Extra"]
[Source "ChessBase"]
[SourceDate "2016.06.21"]
[SourceVersion "1"]
[SourceVersionDate "2016.06.21"]
[SourceQuality "1"]

1. Nf3 Nf6 2. c4 g6 3. Nc3 Bg7 4. e4 d6 5. d4 0-0 6. Be2 c6 7. 0-0 Nbd7 8. Be3 e5 9. d5 c5 10. Nd2 Ne8 11. Qc2 a6 12. Bd3 Ndf6 13. Bg5 h6 14. Bh4 g5 15. Bg3 Nh5 16. Rfe1 Rb8 17. Nf1 Bf6 18. Ne3 Nf4 19. Nf5 Kh7 20. Be2 Ng7 21. Bxf4 exf4 22. Nxd6 Qxd6 23. e5+ Bf5 24. Bd3 Bxe5 25. Bxf5+ Kh8 26. Ne4 Qc7 27. Nxc5 Bxb2 28. Qxb2 Qxc5 29. Qf6 Kg8 30. Bd3 Qa3 31. Red1 Rbe8 32. Qxh6 f5 33. Qxg5 Qd6 34. h4 b6 35. Re1 Qf6 36. Qxf6 Rxf6 37. Rxe8+ Nxe8 38. Re1 Kf7 39. Re5 Nd6 40. Kf1 Kg6 41. Ke2 Nf7 42. Re6 Rxe6+ 43. dxe6 Ne5 44. Bxf5+ 1-0

[Event "RUS IPCA-ch"]
[Site "Nalchik"]
[Date "2016.05.02"]
[Round "3"]
[White "Khudov, Mikhail"]
[Black "Scerbin, Dmitrij"]
[Result "0-1"]
[WhiteElo "2137"]
[BlackElo "2353"]
[PlyCount "76"]
[EventDate "2016.04.30"]
[EventType "swiss"]
[EventRounds "9"]
[EventCountry "RUS"]
[SourceTitle "CBM 172 Extra"]
[Source "ChessBase"]
[SourceDate "2016.06.21"]
[SourceVersion "1"]
[SourceVersionDate "2016.06.21"]
[SourceQuality "1"]

1. e4 c5 2. Nc3 a6 3. g3 h5 4. h4 d6 5. d3 Nc6 6. Bg2 Bg4 7. Nce2 g6 8. c3 Bg7 9. Qc2 Rc8 10. Be3 Nh6 11. Qd2 Bd7 12. f3 Ne5 13. Rd1 c4 14. d4 Nd3+ 15. Kf1 d5 16. e5 Nf5 17. Bf2 Qb6 18. f4 Be6 19. Rb1 Nh6 20. Bh3 Ng4 21. Be1 Bf5 22. Bg2 e6 23. Nf3 Nxf4 24. Nxf4 Bxb1 25. Ng5 Bf5 26. Bf3 Qa5 27. a3 Bh6 28. Ng2 Qd8 29. Bf2 Bxg5 30. hxg5 Kd7 31. Bxg4 hxg4 32. Rxh8 Qxh8 33. Nh4 Qd8 34. Be3 Qb6 35. Qf2 Qb3 36. Bc1 Qd1+ 37. Qe1 Qxe1+ 38. Kxe1 Be4 0-1

[Event "RUS IPCA-ch"]
[Site "Nalchik"]
[Date "2016.04.30"]
[Round "1"]
[White "Khudov, Mikhail"]
[Black "Alekseev, Mikhail"]
[Result "1-0"]
[WhiteElo "2137"]
[BlackElo "1771"]
[PlyCount "50"]
[EventDate "2016.04.30"]
[EventType "swiss"]
[EventRounds "9"]
[EventCountry "RUS"]
[SourceTitle "CBM 172 Extra"]
[Source "ChessBase"]
[SourceDate "2016.06.21"]
[SourceVersion "1"]
[SourceVersionDate "2016.06.21"]
[SourceQuality "1"]

1. e4 c6 2. Nc3 d5 3. Nf3 Bg4 4. h3 Bxf3 5. Qxf3 e6 6. d3 Bb4 7. a3 Bxc3+ 8. bxc3 Qf6 9. Qxf6 Nxf6 10. e5 Nfd7 11. d4 c5 12. Rb1 c4 13. Rxb7 Nb6 14. Be2 N8d7 15. Rc7 h6 16. Bf3 Kd8 17. Rc6 Nb8 18. Rc5 a6 19. Bd2 Ra7 20. Ke2 N6d7 21. Rb1 Ke7 22. Ra5 Nc6 23. Ra4 a5 24. Rxc4 dxc4 25. Bxc6 Rb8 1-0

[Event "Dmitrov op"]
[Site "Dmitrov"]
[Date "2007.07.23"]
[Round "2"]
[White "Dolskiy, Viktor"]
[Black "Khudov, Mikhail"]
[Result "0-1"]
[WhiteElo "1982"]
[BlackElo "2206"]
[PlyCount "50"]
[EventDate "2007.07.22"]
[EventType "swiss"]
[EventRounds "12"]
[EventCountry "RUS"]
[SourceTitle "EXT 2022"]
[Source "ChessBase"]
[SourceDate "2021.10.06"]
[SourceVersion "1"]
[SourceVersionDate "2021.10.06"]
[SourceQuality "1"]

1. e4 e5 2. Nf3 Nc6 3. Bc4 Be7 4. d4 d6 5. Be3 Nf6 6. Nbd2 0-0 7. c3 exd4 8. cxd4 d5 9. Bd3 dxe4 10. Nxe4 Nxe4 11. Bxe4 Bb4+ 12. Kf1 Ne7 13. h4 Bd6 14. Bxh7+ Kxh7 15. Ng5+ Kg8 16. Qh5 Bf5 17. Rh3 Nd5 18. Rf3 Nf6 19. Rxf5 Nxh5 20. g4 Nf6 21. f3 c6 22. Kg2 g6 23. Rxf6 Qxf6 24. Ne4 Qe6 25. Bg5 f5 0-1